Pakistan Customs Law : (Record no. 2353)
[ view plain ]
| 000 -LEADER | |
|---|---|
| fixed length control field | nam a22 a 4500 |
| 005 - DATE AND TIME OF LATEST TRANSACTION | |
| control field | 20170516104427.0 |
| 008 - FIXED-LENGTH DATA ELEMENTS--GENERAL INFORMATION | |
| fixed length control field | 170516s2005 pk ||||| |||| 00| 0 eng d |
| 040 ## - CATALOGING SOURCE | |
| Original cataloging agency | AKMAL |
| 082 ## - DEWEY DECIMAL CLASSIFICATION NUMBER | |
| Classification number | 343.5491056 PAK |
| 090 ## - LOCALLY ASSIGNED LC-TYPE CALL NUMBER (OCLC); LOCAL CALL NUMBER (RLIN) | |
| Classification number (OCLC) (R) ; Classification number, CALL (RLIN) (NR) | 343.5491056 |
| Local cutter number (OCLC) ; Book number/undivided call number, CALL (RLIN) | PAK |
| 245 10 - TITLE STATEMENT | |
| Title | Pakistan Customs Law : |
| Remainder of title | Customs Rules, Notifications, Federal Excise, Sales Tax and Withholding Tax Tariff (updated till 15th October 2005) / |
| Statement of responsibility, etc. | Central Board Of Revenue, Government of Pakistan. |
| 250 ## - EDITION STATEMENT | |
| Edition statement | 21st Edition |
| 260 ## - PUBLICATION, DISTRIBUTION, ETC. | |
| Place of publication, distribution, etc. | Islamabad ; |
| Name of publisher, distributor, etc. | Printing & Publication Department, C.P.F. , |
| Date of publication, distribution, etc. | 2005 |
| 300 ## - PHYSICAL DESCRIPTION | |
| Extent | iv, 470pages. |
| Dimensions | 28cm |
| 500 ## - GENERAL NOTE | |
| General note | Volume II |
| 650 10 - SUBJECT ADDED ENTRY--TOPICAL TERM | |
| Topical term or geographic name entry element | Customs Rules |
| General subdivision | Law and legislation |
| Geographic subdivision | Pakistan |
| 9 (RLIN) | 4889 |
| 650 20 - SUBJECT ADDED ENTRY--TOPICAL TERM | |
| Topical term or geographic name entry element | Tax tariff |
| General subdivision | Law and legislation |
| Geographic subdivision | Pakistan |
| 9 (RLIN) | 4890 |
| 650 20 - SUBJECT ADDED ENTRY--TOPICAL TERM | |
| Topical term or geographic name entry element | Sales tax and excise |
| Geographic subdivision | Pakistan |
| 9 (RLIN) | 4891 |
| 942 ## - ADDED ENTRY ELEMENTS (KOHA) | |
| Source of classification or shelving scheme | |
| Koha item type | Book |
| 950 ## - LOCAL HOLDINGS (RLIN) | |
| Permanent shelving location, LOC (RLIN) | AKMAL |
| Withdrawn status | Lost status | Source of classification or shelving scheme | Damaged status | Not for loan | Collection code | Home library | Current library | Shelving location | Date acquired | Inventory number | Total Checkouts | Full call number | Barcode | Date last seen | Price effective from | Koha item type |
|---|---|---|---|---|---|---|---|---|---|---|---|---|---|---|---|---|
| NON-FICTION | AKMAL Melaka | AKMAL Melaka | PINJAMAN | 17.05.2017 | 002146 | 343.5491056 PAK | 201703495 | 17.05.2017 | 17.05.2017 | Book |
